Statistics for Countries Bordering the Most 'Land' Countries

Click here to take the quiz!

General Stats

  • This quiz has been taken 74 times
    (56 since last reset)
  • The average score is 16 of 21

Answer Stats

# Bordering "Land" Countries Country % Correct
2Finland, PolandRussia
96%
3Netherlands, Poland, SwitzerlandGermany
94%
1SwitzerlandFrance
90%
1IrelandUnited Kingdom
83%
1FinlandSweden
83%
1SwitzerlandItaly
83%
1FinlandNorway
81%
1SwitzerlandAustria
81%
1PolandCzechia
79%
1SwitzerlandLiechtenstein
79%
1PolandLithuania
79%
1NetherlandsBelgium
77%
1ThailandLaos
73%
1PolandBelarus
73%
1PolandSlovakia
71%
1ThailandCambodia
71%
1ThailandMyanmar
71%
1SwazilandSouth Africa
60%
1PolandUkraine
60%
1ThailandMalaysia
56%
1SwazilandMozambique
52%

Score Distribution

Percentile by Number Answered

Percent of People with Each Score

Your Score History

You have not taken this quiz since the last reset